| 000 | 00000nam##2200000za#4500 |
| 001 | 9.662974 |
| 003 | CaOODSP |
| 005 | 20220328113336 |
| 007 | ta |
| 008 | 150407|2001||||xxc||||| f|0| 0 fre|d |
| 020 | |a0-662-65906-6 |
| 040 | |aCaOODSP|bfre |
| 041 | |aeng |
| 041 | |afre |
| 043 | |an-cn--- |
| 086 | 1 |aC2-583/2001 |
| 110 | 1 |aCanada. |bIndustrie Canada. |
| 245 | 10|aL'excellence en sciences et en technologie dans la fonction publique : |bun cadre pour l'excellence dans les activités fédérales en sciences et entechnologie / |cPublié par le Conseil d'experts en sciences et en technologie. |
| 260 | |aOttawa - Ontario : |bIndustrie Canada |c2001. |
| 300 | |aTexte français, 32p. : |bréférences ; |c28 cm. |
| 546 | |aBilingue |
| 563 | |aCouverture souple |
| 590 | |a01-35|b2001-08-31 |
| 691 | 07|aSciences|2gcpds |
| 691 | 07|aFonction publique|2gcpds |
| 691 | 07|aTechnologie|2gcpds |
| 776 | 0#|tL'excellence en sciences et en technologie dans la fonction publique : |w(CaOODSP)9.639345 |
| 776 | 0#|tScience and technology excellence in the public service : |w(CaOODSP)9.695199 |
| 791 | |tScience and technology excellence in the public service : |eeng|w(CaOODSP)9.662973 |
| 986 | |a53509B |